Sports Quiz

Random Sports or City Quiz

Manchester City Players Old Clubs: 14/15 Quiz Stats

 Plays Quiz not verified by Sporcle

Score 0/23 Timer 10:00
0 Plays Today
Hint Answer % Correct
Bacary SagnaAuxerre
98.9%
Samir NasriMarseille
98.9%
Gael ClichyCannes
98.9%
Richard WrightIpswich
98.9%
Frank LampardWest Ham
97.8%
Martin DemichelisRiver Plate
91.1%
Yaya ToureBeveren
90%
James MilnerLeeds
87.8%
Wilfried BonyIssia Wazi
87.8%
Sergio AgueroIndependiente
87.8%
David SilvaValencia
82.2%
Vincent KompanyAnderlecht
78.9%
Hint Answer % Correct
Jesus NavasSevilla
75.6%
Eliaquim MangalaStandard Liege
75.6%
FernandoVila Nova
74.4%
Edin DzekoZeljeznicar
73.3%
Joe HartShrewsbury
72.2%
Willy CaballeroBoca Juniors
70%
Stevan JoveticPartizan
66.7%
Aleksandar KolarovCukaricki
60%
FernandinhoAtletico Paranaense
47.8%
Pablo ZabaletaSan Lorenzo
35.6%
Dedryck BoyataBolton
23.3%

You're not logged in!

Compare scores with friends on all Sporcle quizzes.
OR
Log In

You Might Also Like...

Show Comments

Extras

Top Quizzes Today


Score Distribution

Your Account Isn't Verified!

In order to create a playlist on Sporcle, you need to verify the email address you used during registration. Go to your Sporcle Settings to finish the process.

Report this User

Report this user for behavior that violates our Community Guidelines.

Details: